Statystyki dla Największe miasta w Polsce na literę U

Kliknij tutaj aby rozwiązać quiz!

Ogólne statystyki

  • Ten quiz został rozwiązany 541 razy
  • Średni wynik to 3 z 5

Statystyki odpowiedzi

Rank.Liczba mieszańcówWojewództwoMiasto% Poprawnych
2.15.367pomorskieUstka
86%
1.16.067śląskieUstroń
55%
3.9.041podkarpackieUstrzyki Dolne
55%
5.3.000łódzkieUniejów
53%
4.3.674wielkopolskieUjście
22%

Rozkład punktacji

Percentyl według liczby udzielonych odpowiedzi

Procent ludzi z każdym wynikiem

Twoja historia wyników

Nie rozwiązałeś tego quizu